Los docentes son importantes: atraer, formar y conservar a los docentes eficientes

Saved in:
Bibliographic Details
Corporate Author: OCDE (Author)
Format: Book
Language:Spanish
Published: Madrid OCDE 2009
Subjects:
Tags: Add Tag
No Tags, Be the first to tag this record!

MARC

LEADER 00000nam a2200000 a 4500
001 UCG1563
003 CL-VaPUC
008 100506e20090000SP |||||||||||||||||spa|d
020 |a 9789264074033 
082 0 4 |a 371.1  |b OCD  |2 21 
110 2 |a OCDE  |e author  |9 549555 
245 1 4 |a Los docentes son importantes: atraer, formar y conservar a los docentes eficientes 
300 |a 271 p 
942 |c BK 
945 |d 20100506 00:00:00  |a dcastane 
260 |a Madrid  |b OCDE  |c 2009 
600 0 7 |a OCDE ORGANIZACION PARA LA COOPERACION Y EL DESARROLLO ECONOMICOS  |2 CL-VaPUC  |9 549556 
650 7 |a FORMACION PROFESIONAL DEL DOCENTE  |2 CL-VaPUC  |9 462587 
650 0 |a Planificación del currículo  |9 269599 
583 |a last modification  |c 20130326 09:12:56  |k Rodrigo Vera 
999 |c 340910  |d 340908 
952 |0 0  |1 0  |4 0  |6 371_100000000000000_OCD_2009  |7 0  |8 A  |9 436053  |a BIBEDU  |b BIBEDU  |d 2019-11-22  |i 4670949  |l 1  |m 1  |o 371.1 OCD 2009  |p 4670949  |r 2023-08-01  |s 2023-07-10  |w 2019-11-22  |y BK  |k EDU